000 01821nam a2200349Ia 4500
005 20240228114257.0
008 130821n fr fr 1 spa
040 _aCo-BoUCM
_bspa
_cSandra Yazo
_dSandra Yazo
041 0 _afre
082 0 4 _a930
_220
092 _aE46N057
100 1 _aFustel de Coulanges, Numa Denis
_d1830-1889
_965884
242 0 3 _aLa ciudad antigua.
_cFustel de Coulanges
245 1 3 _aLa Cité antique.
_cFustel de Coulanges.
260 _aParís (Francia)
_bLibrairie Hachette ; Imprimerie de Vaugirard [Librería Hachette ; Imprenta de Vaugirard]
_c[fecha desconocida]
300 _a480 páginas
_c18 x 12 cm.
500 _aDetalles físicos: Encuadernación rígida en cartón blando forrado en cuero. Lomo con nervaduras sobre costuras y adornos en dorado. Tapas con esquinas redondeadas. Guardas con textura. Hoja de cortesía. Anteportada. Portada impresa en una sola tinta. Texto impreso en una sola columna con diferentes tipos y tamaños de letra. Notas de pie de página. Índices
505 0 _aIntroducción ; Creencias antiguas ; La familia ; La ciudad ; Las revoluciones ; Desaparece el régimen municipal ; Índice analítico ; Índice de materias
506 _aConsulta en sala
546 _aTexto en francés, algunas expresiones en griego y en latín
650 7 _aCiudades y pueblos
_xHistoria
_945239
650 7 _aCivilización antigua
_910967
650 7 _aCivilización griega
_9131
650 7 _aCivilización latina
_910982
650 7 _aDerecho romano
_vFuentes
_912827
650 7 _aFamilia
_xHistoria
_915552
650 7 _aHistoria antigua
_916925
651 4 _aGrecia
_xVida social y costumbres
_926629
651 4 _aRoma (Italia)
_xVida social y costumbres
_965885
690 _aHistoria de Europa
_926509
942 _cLIBRO
_a21
_e1
_2LOCAL
_hE46N057
999 _c309968
_d309968